| 000 | 01007cam a2200229 4500 | ||
|---|---|---|---|
| 001 | WB3820-06 | ||
| 008 | 020530n2002 000 0 eng u | ||
| 035 | _a(Sirsi) u118235 | ||
| 245 | _aLatest KPIs show benefits of M41 | ||
| 260 | _c2002 | ||
| 490 |
_aContract Journal _v413(6379) 29 May 2002, 3(2) |
||
| 520 | _aAccording to headline Key Performance Indicators (KPIs) for 2001, Movement for Innovation (M41) demonstration projects have less defects, fewer accidents and greater predictability. It is the third year running that M41 projects have outperformed the industry averages against all the KPIs, and show the benefits of applying Rethinking Construction and Best Practice principles. Tables. | ||
| 590 | _aWB | ||
| 650 | _aKEY PERFORMANCE INDICATORS | ||
| 650 | _aBEST PRACTICE | ||
| 650 | _aEGAN REFORMS | ||
| 650 | _aMOVEMENT FOR INNOVATION | ||
| 650 | _aCONSTRUCTION INDUSTRY | ||
| 650 | _aM41 DEMOSTRATION PROJECTS | ||
| 690 | _aBUILDING AND CONSTRUCTION-PROJECTS | ||
| 942 | _n0 | ||
| 999 |
_c70399 _d70399 |
||